000
00257nam a2200109Ia 4500
008
190216s9999||||xx |||||||||||||| ||und||
100
_a
Kesavan Nair & Secria
245
0
_a
Text Book Of Botany
260
_b
Viswanathan S.
650
_a
Botany
942
_c
BK
999
_c
1019
_d
1019